U.S.S.R. reference book (Record no. 488807)

000 -LEADER
fixed length control field 00381cam a22001097a 4500
008 - FIXED-LENGTH DATA ELEMENTS--GENERAL INFORMATION
fixed length control field 180718b1957 xxu||||| |||| 00| 0 eng d
082 ## - DEWEY DECIMAL CLASSIFICATION NUMBER
Classification number A84x47 Un3u/1957
245 ## - TITLE STATEMENT
Title U.S.S.R. reference book
Statement of responsibility, etc. by the Information Department of the USSR Embassy in India
260 ## - PUBLICATION, DISTRIBUTION, ETC.
Place of publication, distribution, etc. New Delhi
Name of publisher, distributor, etc. The author
Date of publication, distribution, etc. 1957
300 ## - PHYSICAL DESCRIPTION
Extent 327+p.
700 ## - ADDED ENTRY--PERSONAL NAME
Personal name The Information Department of the USSR Embassy in India
Holdings
Withdrawn status Lost status Damaged status Not for loan Permanent Location Current Location Date acquired Full call number Barcode Date last seen Price effective from Koha item type
        Indian Institute of Public Administration Indian Institute of Public Administration 2018-08-04 A84x47 Un3u/1957 GR4180 2018-08-04 2018-08-04 GR

Powered by Koha